| 000 | 00864nam a2200229Ia 4500 | ||
|---|---|---|---|
| 008 | 191130s2009##################000#0#eng## | ||
| 020 | _a9780199567874 | ||
| 022 | _a2009281877 | ||
| 040 |
_aACL _cACL |
||
| 082 | _a306.42 LIS | ||
| 100 | _aLloyd, G. E. R | ||
| 245 |
_aDisciplines in the making : cross-cultural perspectives on elites, learning, and innovation _cG.E.R. Lloyd |
||
| 260 |
_aOxford _bOxford University Press _c2009 |
||
| 300 | _aviii, 215 p. : ill. ; 23 cm | ||
| 500 | _aIncludes bibliographical references (p. [189]-203) and index | ||
| 650 | _aElite (Social sciences) - Attitudes - Cross-cultural studies | ||
| 650 | _aLearning and scholarship - Cross-cultural studies | ||
| 650 | _aUniversities and colleges - Curricula - Cross-cultural studies | ||
| 990 | _a04f1afeaac10000c727a8df8d343c3d9 | ||
| 991 | _a136118 | ||
| 999 |
_c150977 _d150977 |
||